000 00370nam a2200145Ia 4500
008 231129s1994||||xx |||||||||||||| ||spa||
020 _a958-04-2721-6
040 _bspa
082 _aM863 S243b
100 _aSarabia Antonio
245 0 _aBanda de Moebius
260 _c1994
264 _aGrupo Editorial Norma
942 _2ddc
_cBKS
999 _c6029
_d6029